MARC details
| 000 -LEADER |
| fixed length control field |
02467nam a22006257i 4500 |
| 003 - CONTROL NUMBER IDENTIFIER |
| control field |
URS |
| 005 - DATE AND TIME OF LATEST TRANSACTION |
| control field |
20251001091316.0 |
| 008 - FIXED-LENGTH DATA ELEMENTS--GENERAL INFORMATION |
| fixed length control field |
160908b xxu||||| |||| 00| 0 eng d |
| 010 ## - LIBRARY OF CONGRESS CONTROL NUMBER |
| LC control number |
86658006 |
| Canceled/invalid LC control number |
85658006 |
| -- |
sn 85012271 |
| 016 7# - NATIONAL BIBLIOGRAPHIC AGENCY CONTROL NUMBER |
| Record control number |
009192050 |
| Source |
Uk |
| 022 0# - INTERNATIONAL STANDARD SERIAL NUMBER |
| International Standard Serial Number |
1093-278X |
| ISSN-L |
1093-278X |
| Source |
1 |
| 035 ## - SYSTEM CONTROL NUMBER |
| System control number |
(OCoLC)ocm11792460 |
| 040 ## - CATALOGING SOURCE |
| Original cataloging agency |
DLM |
| Language of cataloging |
eng |
| Description conventions |
rda |
| Transcribing agency |
DLM |
| Modifying agency |
NST |
| -- |
DLC |
| -- |
NST |
| -- |
DLC |
| -- |
NST |
| -- |
IUL |
| -- |
WAU |
| -- |
IUL |
| -- |
NSD |
| -- |
OCLCQ |
| -- |
NLGGC |
| -- |
IUL |
| -- |
LGG |
| -- |
OCLCQ |
| -- |
UKMGB |
| -- |
OCLCQ |
| -- |
DLC |
| -- |
OCLCF |
| -- |
CLU |
| -- |
YDXCP |
| -- |
OCL |
| 042 ## - AUTHENTICATION CODE |
| Authentication code |
pcc |
| -- |
nsdp |
| 050 00 - LIBRARY OF CONGRESS CALL NUMBER |
| Classification number |
HN1 |
| Item number |
G56 2010 |
| 050 #4 - LIBRARY OF CONGRESS CALL NUMBER |
| Classification number |
CB425 |
| Item number |
G56 2010 |
| 130 0# - MAIN ENTRY--UNIFORM TITLE |
| Uniform title |
Global issues (Guilford, Conn.) |
| 210 0# - ABBREVIATED TITLE |
| Abbreviated title |
Global issues |
| Qualifying information |
(Guilford Conn.) |
| 222 #0 - KEY TITLE |
| Key title |
Global issues |
| Qualifying information |
(Guilford, Conn.) |
| 245 10 - TITLE STATEMENT |
| Title |
Global issues. |
| 264 #1 - PRODUCTION, PUBLICATION, DISTRIBUTION, MANUFACTURE, AND COPYRIGHT NOTICE |
| Materials specified |
1985- : |
| Place of production, publication, distribution, manufacture |
Guilford, Conn. : |
| Name of producer, publisher, distributor, manufacturer |
Dushkin Pub. Group, |
| Date of production, publication, distribution, manufacture, or copyright notice |
[1985-] |
| 264 #4 - PRODUCTION, PUBLICATION, DISTRIBUTION, MANUFACTURE, AND COPYRIGHT NOTICE |
| Date of production, publication, distribution, manufacture, or copyright notice |
©1985- |
| 264 31 - PRODUCTION, PUBLICATION, DISTRIBUTION, MANUFACTURE, AND COPYRIGHT NOTICE |
| Materials specified |
<2014-> : |
| Place of production, publication, distribution, manufacture |
[Columbus, Ohio] : |
| 264 31 - PRODUCTION, PUBLICATION, DISTRIBUTION, MANUFACTURE, AND COPYRIGHT NOTICE |
| Name of producer, publisher, distributor, manufacturer |
McGraw Hill Education |
| 300 ## - PHYSICAL DESCRIPTION |
| Extent |
volume : |
| Other physical details |
illustrations ; |
| Dimensions |
28cm |
| 310 ## - CURRENT PUBLICATION FREQUENCY |
| Current publication frequency |
Annual |
| 336 ## - CONTENT TYPE |
| Content type term |
text |
| Content type code |
txt |
| Source |
rdacontent |
| 337 ## - MEDIA TYPE |
| Media type term |
unmediated |
| Media type code |
n |
| Source |
rdamedia |
| 338 ## - CARRIER TYPE |
| Carrier type term |
volume |
| Carrier type code |
nc |
| Source |
rdacarrier |
| 362 0# - DATES OF PUBLICATION AND/OR SEQUENTIAL DESIGNATION |
| Dates of publication and/or sequential designation |
85/86- |
| 490 1# - SERIES STATEMENT |
| Series statement |
Annual editions |
| 500 ## - GENERAL NOTE |
| General note |
Published by: Dushkin/McGraw-Hill, <15th edition-> |
| 515 ## - NUMBERING PECULIARITIES NOTE |
| Numbering peculiarities note |
Issues for <1989/90-2006/2007> called also <5th edition-22nd edition> |
| 515 ## - NUMBERING PECULIARITIES NOTE |
| Numbering peculiarities note |
Date of coverage dropped with <2006/2007>. |
| 588 ## - SOURCE OF DESCRIPTION NOTE |
| Source of description note |
Latest issue consulted: 30th edition, published 2014. |
| 590 ## - LOCAL NOTE (RLIN) |
| Local note |
SERBIB/SERLOC merged record |
| 648 #7 - SUBJECT ADDED ENTRY--CHRONOLOGICAL TERM |
| Chronological term |
1900-1999 |
| Source of heading or term |
fast |
| 650 #0 - SUBJECT ADDED ENTRY--TOPICAL TERM |
| Topical term or geographic name entry element |
Social problems |
| General subdivision |
History |
| Chronological subdivision |
20th century |
| Form subdivision |
Periodicals. |
| 650 #0 - SUBJECT ADDED ENTRY--TOPICAL TERM |
| Topical term or geographic name entry element |
Social prediction |
| Form subdivision |
Periodicals. |
| 650 #0 - SUBJECT ADDED ENTRY--TOPICAL TERM |
| Topical term or geographic name entry element |
Civilization, Modern |
| Chronological subdivision |
20th century |
| Form subdivision |
Periodicals. |
| 650 17 - SUBJECT ADDED ENTRY--TOPICAL TERM |
| Topical term or geographic name entry element |
Internationale aspecten. |
| Source of heading or term |
gtt |
| 650 17 - SUBJECT ADDED ENTRY--TOPICAL TERM |
| Topical term or geographic name entry element |
Sociaal-economische situatie. |
| Source of heading or term |
gtt |
| 650 #7 - SUBJECT ADDED ENTRY--TOPICAL TERM |
| Topical term or geographic name entry element |
Civilization, Modern. |
| Source of heading or term |
fast |
| Authority record control number or standard number |
(OCoLC)fst00863073 |
| 650 #7 - SUBJECT ADDED ENTRY--TOPICAL TERM |
| Topical term or geographic name entry element |
Social prediction. |
| Source of heading or term |
fast |
| Authority record control number or standard number |
(OCoLC)fst01122769 |
| 650 #7 - SUBJECT ADDED ENTRY--TOPICAL TERM |
| Topical term or geographic name entry element |
Social problems. |
| Source of heading or term |
fast |
| Authority record control number or standard number |
(OCoLC)fst01122778 |
| 655 #7 - INDEX TERM--GENRE/FORM |
| Genre/form data or focus term |
History. |
| Source of term |
fast |
| Authority record control number |
(OCoLC)fst01411628 |
| 655 #7 - INDEX TERM--GENRE/FORM |
| Genre/form data or focus term |
Periodicals. |
| Source of term |
fast |
| Authority record control number |
(OCoLC)fst01411641 |
| 776 08 - ADDITIONAL PHYSICAL FORM ENTRY |
| Relationship information |
Online version: |
| Title |
Global issues (Guilford, Conn. : Online) |
| International Standard Serial Number |
2158-4060 |
| Record control number |
(DLC) 2010202607 |
| -- |
(OCoLC)67618895 |
| 830 #0 - SERIES ADDED ENTRY--UNIFORM TITLE |
| Uniform title |
Annual editions. |
| 906 ## - LOCAL DATA ELEMENT F, LDF (RLIN) |
| a |
7 |
| b |
cbc |
| c |
serials |
| d |
3 |
| e |
ncip |
| f |
19 |
| g |
n-oclcserc |
| 942 ## - ADDED ENTRY ELEMENTS (KOHA) |
| Source of classification or shelving scheme |
Dewey Decimal Classification |
| Koha item type |
Foreign Books |